The Confederate War

Αποθηκεύτηκε σε:
Λεπτομέρειες βιβλιογραφικής εγγραφής
Κύριος συγγραφέας: Gallagher, Gary W.
Μορφή: Βιβλίο
Γλώσσα:English
Δημοσίευση: Cambridge, Mass. : Harvard University Press, 1997
Θέματα:
Ετικέτες: Προσθήκη ετικέτας
Δεν υπάρχουν, Καταχωρήστε ετικέτα πρώτοι!

MARC

LEADER 00000nam a2200000 i 4500
001 1/49106
008 070725s1997 eng d
020 |a 0-674-16056-8 (pbk.) 
035 |l 10089098 
040 |a GR-MY-UA  |b gre  |e aacr 
041 0 |a eng 
082 0 |a 973.713  |2 (22) 
100 1 |a Gallagher, Gary W. 
245 1 4 |a The Confederate War /  |c Gary W. Gallagher 
260 |a Cambridge, Mass. :   |b Harvard University Press,   |c 1997 
300 |a viii, 218 σ.;  |b εικ.;  |c 21 εκ. 
504 |a Βιβλιογραφία: σ. 175-210 
504 |a Ευρετήριο: σ. 211-218 
651 0 |a Confederate States of America  |x Historiography. 
651 0 |a United States  |x History  |y Civil War, 1861-1865  |x Historiography. 
651 0 |a Confederate States of America  |x Social conditions. 
852 |a INST  |b LESVOS  |e 20070725  |h 973.713 GAL  |p 005100041474  |q 005100041474  |t BK  |y 0 
901 |a BIBL1-2007-2 
909 |a Λ  |b 136868 
922 |a 1ΕΛΗ  |b 200707  |c ΕΠΕΑΕΚ2/ΤΚ  |d ΕΛΕΥΘΕΡΟΥΔΑΚΗΣ 
970 |a ΚΑΡΑ  |b ΓΙΑΣΕΜΗ  |z 2007/07/25